MARC details
| 000 -LEADER |
| fixed length control field |
03988cim a22004218i 4500 |
| 005 - DATE AND TIME OF LATEST TRANSACTION |
| control field |
20220425165222.0 |
| 007 - PHYSICAL DESCRIPTION FIXED FIELD--GENERAL INFORMATION |
| fixed length control field |
sd fungnnuuneu |
| 008 - FIXED-LENGTH DATA ELEMENTS--GENERAL INFORMATION |
| fixed length control field |
160822s2016 nnnng## f n eng d |
| 020 ## - INTERNATIONAL STANDARD BOOK NUMBER |
| International Standard Book Number |
9781455833238 (audiobook) |
| 040 ## - CATALOGING SOURCE |
| Original cataloging agency |
DLC |
| Language of cataloging |
eng |
| Description conventions |
rda |
| Transcribing agency |
DLC |
| Modifying agency |
MMLLC |
| 043 ## - GEOGRAPHIC AREA CODE |
| Geographic area code |
e-fr--- |
| 050 00 - LIBRARY OF CONGRESS CALL NUMBER |
| Classification number |
PS3569.T33828 |
| Item number |
A98 2016 |
| 082 00 - DEWEY DECIMAL CLASSIFICATION NUMBER |
| Classification number |
813/.54 |
| Edition number |
23 |
| 092 ## - LOCALLY ASSIGNED DEWEY CALL NUMBER (OCLC) |
| Classification number |
CDB |
| 100 1# - MAIN ENTRY--PERSONAL NAME |
| Personal name |
Steel, Danielle, |
| Relator term |
author. |
| 9 (RLIN) |
12350 |
| 245 14 - TITLE STATEMENT |
| Title |
The award |
| Medium |
[sound recording] : |
| Remainder of title |
a novel / |
| Statement of responsibility, etc |
Danielle Steel. |
| 250 ## - EDITION STATEMENT |
| Edition statement |
Unabridged. |
| 264 #2 - Production, Publication, Distribution, Manufacture, and Copyright Notice. |
| Place of production, publication, distribution, manufacture |
Old Saybrook, Connecticut : |
| Name of producer, publisher, distributor, manufacturer |
www.micromarketing.org |
| 264 #1 - Production, Publication, Distribution, Manufacture, and Copyright Notice. |
| Place of production, publication, distribution, manufacture |
[United States] : |
| Name of producer, publisher, distributor, manufacturer |
[Brilliance Audio], |
| Date of production, publication, distribution, manufacture, or copyr |
[2016]. |
| 300 ## - PHYSICAL DESCRIPTION |
| Extent |
8 sound discs (approximately 10 hours) : |
| Other physical details |
digital, CD audio ; |
| Dimensions |
4 3/4 in. |
| 336 ## - Content Type |
| Content type term |
spoken word |
| 337 ## - Media type |
| Media type term |
audio |
| 338 ## - Carrier type |
| Carrier type term |
audio disc |
| 511 1# - PARTICIPANT OR PERFORMER NOTE |
| Participant or performer note |
Read by Adam Verner. |
| 520 ## - SUMMARY, ETC. |
| Summary, etc |
"Capturing historical events, terrifying moments of danger, tragedy, the price of war, and the invincible spirit of a woman of honor, The Award is a monumental tale from one of our most gifted storytellers--Danielle Steel's finest, most emotionally resonant novel yet. Gaelle de Barbet is sixteen years old in 1940 when the German army occupies France and frightening changes begin. She is shocked and powerless when French gendarmes take away her closest friend, Rebekah Feldmann, and her family, and send them to a detention camp for deportation to an unknown, ominous fate. The local German military commandant makes Gaelle family estate outside Lyon into his headquarters. Her father and brother are killed by the Germans; her mother fades away into madness and ill health. Trusted friends and employees become traitors. And by accident, Gaelle begins a perilous journey with the French Resistance, hoping to save lives to make up for the beloved friend she could do nothing to help. Taking terrifying risks, Gaelle becomes a valuable member of the Resistance, fearlessly delivering Jewish children to safety underneath the eyes of the Gestapo and their French collaborators. Then she is suddenly approached by the German commandant with an astonishing and dangerous plan to save part of France's artistic heritage as the Germans withdraw. And once again, her life is on the line. Conducted in secret, flawlessly carried out, her missions for the Resistance change her life and mark her for years. She is falsely accused of collaboration at the end of the war, and flees Lyon in disgrace, orphaned and alone. She goes to Paris to put the war behind her and begin a new life, with the ghosts of the past always close at hand. Gaelle's life will take her from Paris to New York, from a career as a Dior model to marriage and motherhood, unbearable loss, and mature, lasting love. She returns to Paris to run a small museum, honoring victims of the Holocaust. She has never sought recognition for her courage during the war years she can never forget. Her label as a collaborator remains, until her granddaughter, a respected political journalist, is determined that past wrongs finally be made right, and her grandmother's brave acts be recognized. Now a grateful nation will finally acknowledge this remarkable woman. At last, she is absolved and honored as the war hero she was"-- |
| 650 #0 - SUBJECT ADDED ENTRY--TOPICAL TERM |
| Topical term or geographic name as entry element |
World War, 1939-1945 |
| General subdivision |
Underground movements |
| Geographic subdivision |
France |
| Form subdivision |
Fiction. |
| 9 (RLIN) |
5706959 |
| 650 #0 - SUBJECT ADDED ENTRY--TOPICAL TERM |
| Topical term or geographic name as entry element |
World War, 1939-1945 |
| General subdivision |
Participation, Female |
| Form subdivision |
Fiction. |
| 9 (RLIN) |
5714557 |
| 650 #7 - SUBJECT ADDED ENTRY--TOPICAL TERM |
| Topical term or geographic name as entry element |
FICTION / Historical. |
| Source of heading or term |
bisacsh |
| 9 (RLIN) |
5673672 |
| 650 #7 - SUBJECT ADDED ENTRY--TOPICAL TERM |
| Topical term or geographic name as entry element |
FICTION / Sagas. |
| Source of heading or term |
bisacsh |
| 9 (RLIN) |
5683731 |
| 650 #7 - SUBJECT ADDED ENTRY--TOPICAL TERM |
| Topical term or geographic name as entry element |
FICTION / Romance / Historical. |
| Source of heading or term |
bisacsh |
| 9 (RLIN) |
5682407 |
| 651 #0 - SUBJECT ADDED ENTRY--GEOGRAPHIC NAME |
| Geographic name |
France |
| General subdivision |
History |
| Chronological subdivision |
German occupation, 1940-1945 |
| Form subdivision |
Fiction. |
| 9 (RLIN) |
5706960 |
| 655 #7 - INDEX TERM--GENRE/FORM |
| Genre/form data or focus term |
Historical fiction. |
| Source of term |
gsafd |
| 9 (RLIN) |
5930866 |
| 655 #7 - INDEX TERM--GENRE/FORM |
| Genre/form data or focus term |
Audiobooks. |
| Source of term |
lcgft |
| 9 (RLIN) |
5930867 |
| 700 1# - ADDED ENTRY--PERSONAL NAME |
| Personal name |
Verner, Adam, |
| Relator term |
narrator. |
| 9 (RLIN) |
5905252 |
| 942 ## - ADDED ENTRY ELEMENTS (KOHA) |
| Koha item type |
CD |
| Source of classification or shelving scheme |
Dewey Decimal Classification |
| 948 ## - LOCAL PROCESSING INFORMATION (OCLC); SERIES PART DESIGNATOR (RLIN) |
| Series part designator, SPT (RLIN) |
01/25/2017 |
| b (OCLC) |
01/27/2017 |
| z (OCLC) |
Sirsi |
| 949 ## - LOCAL PROCESSING INFORMATION (OCLC) |
| n |
www.MicroMarketing.org 800-229-9887 |